000
00328nam a2200145Ia 4500
100
_a
Bahrami A
942
_c
BK
654
_a
software
245
_a
Designing artificial intelligence based software
260
_b
Galgotia Publications
_a
New Delhi
_c
1992
082
_a
6.3
300
_a
271
546
_a
ENGLISH
999
_c
32561
_d
32561